000 00792nam a2200289Ia 4500
001 34524
003 IT-RoPAU
008 130308s9999 xx 000 0 und d
040 _aIT-RoPAU
040 _cIT-RoPAU
041 _aITALIANO
100 _aTedeschi Rubens
100 _gCodice Aut. SPICS: 816
245 _aAscoltare e leggere. Regresso e progresso
245 _bLeggere Lo Spettacolo-Catalogo dei libri di Cinema,Teatro Da
250 _a1a ed.
260 _aMILANO
260 _bBibliografica
260 _c1985 [1° Ed.:1985 - Ed.Ling.Originale:1985]
300 _a"4 p. (prefazione: no ; testo: 4 [pagine: 213-216])"
650 _aENCICLOPEDIE DEL CINEMA
650 _eCodice materia Spics: 6801
942 _cBK
957 _71
999 _c51256
_d51256
999 _bSI
999 _g1